01067pam a2200313 a 450000100040000000500170000402000230002102000170004404000230006105000240008408200120010810000240012024500840014425000450022826000220027330000390029549000250033450000290035950500080038852001320039652100200052852100200054865000260056865000200059465000260061465000290064065000530066970000310072291220230908155958.0 a0679890645 (trade) a090129003990 aDLCcDLCdDLCbeng00aPZ7.O81167bBu 199900aFic2211 aOsborne, Mary Pope.10aBuffalo before breakfast /cby Mary Pope Osborne ; illustrated by Sal Murdocca. aPrinted in the United States of America  aNew York :c1999. a72 pages :billustrations ;c20 cm aMagic Tree Housev18 a"A stepping stone book." aN  aThe magic tree house takes Jack and his sister Annie to the Great Plains where they learn about the life of the Lakota Indians. a560 bLexile  aN bRaz-Plus  1aTime travelxFiction. 1aMagicxFiction. 1aTree housesxFiction. 1aDakota IndiansxFiction. 1aIndians of North AmericazGreat PlainsxFiction.1 aMurdocca, Saleillustrator